| 000 | 00446nam a2200169 a 4500 | ||
|---|---|---|---|
| 001 | 0234 | ||
| 005 | 20140414131854.0 | ||
| 008 | 040902s19uu xx 00 eng d | ||
| 020 | _a0-590-47874-5 | ||
| 050 |
_aM 595.7 _bG35 1993 |
||
| 100 | _aGibbons, Gail | ||
| 245 |
_aSpiders / _cGail Gibbons. |
||
| 260 |
_aNew York : _bScholastic, _c1993. |
||
| 300 | _a1 v. (unp.) : ill. ; cm. | ||
| 650 |
_aBugs _xJuvenile literature. |
||
| 999 |
_c110348 _d110348 |
||